C.H.P. tüzüğü (Record no. 6499)

MARC details
000 -BAŞLIK
Sabit Uzunlukta Kontrol Alanı 01329na a2200385 4500
999 ## - SİSTEM KONTROL NUMARALARI (KOHA)
Koha Biblionumber 6499
Koha Biblioitemnumber 6499
001 - KONTROL NUMARASI
Denetim Alanı 19900
003 - KONTROL NUMARASI IDENTIFIER
Denetim Alanı MIRAKIL
005 - SON İŞLEM TARİHİ VE ZAMANI
Denetim Alanı 20210323173705.0
008 - SABİT-BOY VERİ ELEMANLARI - GENEL BİLGİLER
Sabit Uzunlukta Kontrol Alanı 161228b tu 000 0
035 ## - SİSTEM KONTROL NUMARASI
Sistem Kontrol Numarası 19900
040 ## - KATALOGLAMA KAYNAK
Orijinal Kataloglama Ajansı Milas
Kataloglama Dili tur
Metne Dönüştürmek Ajansı TR-AnCHP
041 ## - DİL KODU
Metin / Ses Parça Veya Ayrı Başlığın Dil Kodu tur
-- ara
082 ## - DEWEY ONLU SINIFLANDIRMA NUMARASI
Sınıflandırma Numarası CHP 324.2372
Ürün Numarası C36t 1953
090 ## - SINIFLAMA NUMARASI
Sınıflama Numarası BROŞÜR 365
110 ## - ANA GİRİŞ - KURUMSAL ADI
Giriş Elemanı Olarak Kurumsal Ad Veya Yargı Alanı Adı Cumhuriyet Halk Partisi (CHP)
222 ## - ANAHTAR ADI
Anahtar Başlık Tüzükler
245 ## - BAŞLIK TABLOSU
Başlık C.H.P. tüzüğü
Başlığın Kalan [1953]
-- (IX. Kurultayca onanmış ve X uncu Kurultay kararıyla bazı maddeleri değiştirilmiştir.)
Sorumluluk Tablosu, Vb CHP
246 ## - UNVAN FORM VARYING
Başlık Doğru / Kısa Başlığı CHP tüzüğü
246 ## - UNVAN FORM VARYING
Başlık Doğru / Kısa Başlığı CHP 1953 tüzüğü
246 ## - UNVAN FORM VARYING
Başlık Doğru / Kısa Başlığı Cumhuriyet Halk Partisi tüzüğü
260 ## - YAYIN, DAĞITIM, VB
Yayın, Dağıtım, Vb Yeri Ankara
Yayıncı, Dağıtıcı, Vs Adı [CHP]
Yayın, Dağıtım, Vb Tarihi 1953
Üretici Firma Ulus Basımevi
300 ## - FİZİKSEL TANIM
Kapsam 31 s.
Boyutlar 20 sm.
440 ## - SERİSİ TABLOSU / KATMA GİRİŞİ - BAŞLIK
Başlık Cumhuriyet Halk Partisi yayınları
Bir İşin Parçası / Bölümün İsmi Tüzükler
500 ## - GENEL NOT
Genel Not Fotokopidir. Kütüphaneciden çevrimdışı versiyonu sağlanabilir.
610 ## - KONU KATMA GİRİŞ - TOPLANTI ADI
Giriş Elemanı Olarak Kurumsal Ad Veya Yargı Alanı Adı Cumhuriyet Halk Partisi (CHP)
Genel Alt Bölüm Tüzükler, 1953
610 ## - KONU KATMA GİRİŞ - TOPLANTI ADI
Giriş Elemanı Olarak Kurumsal Ad Veya Yargı Alanı Adı Cumhuriyet Halk Partisi (CHP)
Genel Alt Bölüm Kurultaylar, 1953
651 ## - KONU KATMA GİRİŞ - COĞRAFİ ADI
Coğrafi İsim Türkiye
Genel Alt Bölümü Siyaset ve yönetim
Kronolojik Alt Bölümü 1953-1955
740 ## - KATMA GİRİŞ - KONTROLSUZ İLGİLİ / ANALİTİK BAŞLIK
Kontrol Edilmeyen / İlgili Analitik Başlıktaki IX. Kurultayca onanmış ve X. Kurultay kararıyla bazı maddeleri değiştirilmiştir
830 ## - SERİSİ EKLENDİ GİRİŞ - ÜNİFORM ADI
Üniforma Başlık CHP tüzükleri
942 ## - EKLENDİ GİRİŞ ELEMANLARI (KOHA)
Sınıflandırma Veya Raf Düzeni Kaynak Dewey Decimal Classification
Koha Öğesi Türü Books
999 ## - SİSTEM KONTROL NUMARALARI (KOHA)
Koha Biblioitemnumber 6499
999 ## - SİSTEM KONTROL NUMARALARI (KOHA)
Koha Biblioitemnumber 6499
999 ## - SİSTEM KONTROL NUMARALARI (KOHA)
Koha Biblioitemnumber 6499
Holdings
Kalıcı Konum Mevcut Konum Edinme Tarihi Edinim Kaynak Toplam Check-Out'Lar Tam Çağrı Numarası Barkod Tarih Son Görülme İtibaren Geçerli Fiyatlar Sigara Kamu Notu Koha Öğesi Türü
CHP Kütüphanesi CHP Kütüphanesi 12/28/2016 Bağış   BROŞÜR 365 011332 12/28/2016 12/28/2016 Fotokopi Visual Material